00388nam a2200169Ia 4500003000400000005001700004008004100021020001800062040000700080041000800087082001500095100002000110245002200130260003800152300001500190365001300205OSt20230408113531.0210423s2008 xx 000 0 und d a9788181282965 cAL aeng a515.9 HOWJ aHOWIE (John M). aComplex analysis. aNew DelhibSpringer Pvt Ltdc2008 axi,260bPB b595cINR